[Event "Icelandic Team Championship 2021"]
[Site "Reykjavik"]
[Date "2021.10.03"]
[Round "5.22"]
[White "Salama, Omar"]
[Black "Johannesson, Oliver"]
[Result "1-0"]
[WhiteElo "2179"]
[BlackElo "2238"]

1. d4 {[%clk 01:30:52]} {[%emt 00:00:07]} d5 {[%clk 01:29:07]} {[%emt
00:01:53]} 2. c4 {[%clk 01:30:49]} {[%emt 00:00:32]} c6 {[%clk 01:29:23]}
{[%emt 00:00:15]} 3. cxd5 {[%clk 01:30:32]} {[%emt 00:00:47]} cxd5 {[%clk
01:29:38]} {[%emt 00:00:15]} 4. Nc3 {[%clk 01:30:55]} {[%emt 00:00:07]} e5
{[%clk 01:29:32]} {[%emt 00:00:36]} 5. dxe5 {[%clk 01:31:14]} {[%emt 00:00:11]}
d4 {[%clk 01:29:55]} {[%emt 00:00:07]} 6. Ne4 {[%clk 01:31:36]} {[%emt
00:00:12]} Qa5+ {[%clk 01:29:42]} {[%emt 00:00:38]} 7. Nd2 {[%clk 01:31:30]}
{[%emt 00:00:36]} Nc6 {[%clk 01:28:29]} {[%emt 00:01:42]} 8. Ngf3 {[%clk
01:31:28]} {[%emt 00:00:33]} Bf5 {[%clk 01:09:37]} {[%emt 00:19:22]} 9. g4
{[%clk 01:31:03]} {[%emt 00:00:57]} Bxg4 {[%clk 01:00:20]} {[%emt 00:09:47]} 10.
Bg2 {[%clk 01:31:02]} {[%emt 00:00:30]} Bb4 {[%clk 00:50:35]} {[%emt 00:10:15]}
11. O-O {[%clk 01:29:50]} {[%emt 00:01:43]} Bxd2 {[%clk 00:50:22]} {[%emt
00:00:43]} 12. Qxd2 {[%clk 01:17:11]} {[%emt 00:13:09]} Qxd2 {[%clk 00:49:52]}
{[%emt 00:00:59]} 13. Bxd2 {[%clk 01:17:10]} {[%emt 00:00:30]} Nge7 {[%clk
00:44:24]} {[%emt 00:05:58]} 14. b4 {[%clk 01:11:40]} {[%emt 00:06:00]} O-O
{[%clk 00:36:44]} {[%emt 00:08:10]} 15. Rfc1 {[%clk 00:53:14]} {[%emt
00:18:56]} Rfd8 {[%clk 00:23:03]} {[%emt 00:14:11]} 16. b5 {[%clk 00:46:40]}
{[%emt 00:07:04]} Bxf3 {[%clk 00:23:01]} {[%emt 00:00:32]} 17. Bxf3 {[%clk
00:46:16]} {[%emt 00:00:53]} Nxe5 {[%clk 00:23:27]} {[%emt 00:00:05]} 18. Bxb7
{[%clk 00:46:20]} {[%emt 00:00:26]} Rab8 {[%clk 00:23:27]} {[%emt 00:00:30]} 19.
Ba5 {[%clk 00:43:48]} {[%emt 00:03:02]} Re8 {[%clk 00:19:57]} {[%emt 00:04:00]}
20. Rc7 {[%clk 00:39:24]} {[%emt 00:04:54]} Nd5 {[%clk 00:17:23]} {[%emt
00:03:05]} 21. Bxd5 {[%clk 00:33:51]} {[%emt 00:06:02]} Rxb5 {[%clk 00:17:43]}
{[%emt 00:00:10]} 22. Bb3 {[%clk 00:34:02]} {[%emt 00:00:20]} Rxa5 {[%clk
00:17:55]} {[%emt 00:00:17]} 23. f4 {[%clk 00:34:26]} {[%emt 00:00:05]} Ng6
{[%clk 00:14:40]} {[%emt 00:03:46]} 24. Bxf7+ {[%clk 00:34:40]} {[%emt
00:00:15]} Kf8 {[%clk 00:15:09]} {[%emt 00:00:02]} 25. Bxe8 {[%clk 00:34:54]}
{[%emt 00:00:16]} Kxe8 {[%clk 00:15:37]} {[%emt 00:00:01]} 26. Rb1 {[%emt
00:00:36]} 1-0

[Event "Icelandic Team Championship 2021"]
[Site "Reykjavik"]
[Date "2021.10.03"]
[Round "5.23"]
[White "Halldorsson, Jon Arni"]
[Black "Olafsson, Thorvardur"]
[Result "1/2-1/2"]
[WhiteElo "2103"]
[BlackElo "2155"]

1. d4 {[%clk 01:30:55]} {[%emt 00:00:05]} Nf6 {[%clk 01:30:19]} {[%emt
00:00:40]} 2. Nf3 {[%clk 01:31:07]} {[%emt 00:00:18]} g6 {[%clk 01:29:41]}
{[%emt 00:01:10]} 3. Bg5 {[%clk 01:31:14]} {[%emt 00:00:22]} Bg7 {[%clk
01:30:05]} {[%emt 00:00:06]} 4. Nbd2 {[%clk 01:31:38]} {[%emt 00:00:07]} d6
{[%clk 01:28:24]} {[%emt 00:02:10]} 5. e4 {[%clk 01:31:34]} {[%emt 00:00:34]}
O-O {[%clk 01:26:30]} {[%emt 00:02:24]} 6. c3 {[%clk 01:31:47]} {[%emt
00:00:18]} c5 {[%clk 01:17:12]} {[%emt 00:09:49]} 7. dxc5 {[%clk 01:28:51]}
{[%emt 00:03:25]} dxc5 {[%clk 01:16:56]} {[%emt 00:00:45]} 8. Bc4 {[%clk
01:29:00]} {[%emt 00:00:22]} Nc6 {[%clk 01:15:52]} {[%emt 00:01:34]} 9. O-O
{[%clk 01:29:15]} {[%emt 00:00:15]} Bg4 {[%clk 01:02:37]} {[%emt 00:13:45]} 10.
Qc2 {[%clk 01:25:12]} {[%emt 00:04:32]} Qc7 {[%clk 01:01:39]} {[%emt 00:01:29]}
11. Rfe1 {[%clk 01:18:17]} {[%emt 00:07:25]} Bxf3 {[%clk 00:52:38]} {[%emt
00:09:31]} 12. Nxf3 {[%clk 01:18:39]} {[%emt 00:00:08]} Ng4 {[%clk 00:51:09]}
{[%emt 00:01:59]} 13. Rad1 {[%clk 01:03:51]} {[%emt 00:15:18]} Bf6 {[%clk
00:41:26]} {[%emt 00:10:12]} 14. Bxf6 {[%clk 01:02:04]} {[%emt 00:02:17]} exf6
{[%clk 00:39:22]} {[%emt 00:02:33]} 15. h3 {[%clk 00:54:54]} {[%emt 00:07:40]}
Nge5 {[%clk 00:39:13]} {[%emt 00:00:39]} 16. Nxe5 {[%clk 00:55:13]} {[%emt
00:00:12]} fxe5 {[%clk 00:33:49]} {[%emt 00:05:53]} 17. Bd5 {[%clk 00:50:06]}
{[%emt 00:05:37]} Ne7 {[%clk 00:17:38]} {[%emt 00:16:41]} 18. Qb3 {[%clk
00:48:04]} {[%emt 00:02:32]} Rab8 {[%clk 00:17:13]} {[%emt 00:00:55]} 19. a4
{[%clk 00:45:04]} {[%emt 00:03:31]} b6 {[%clk 00:16:44]} {[%emt 00:00:59]} 20.
Qc4 {[%clk 00:45:09]} {[%emt 00:00:25]} Rbc8 {[%clk 00:10:59]} {[%emt
00:06:16]} 21. Re2 {[%clk 00:36:58]} {[%emt 00:08:40]} Kg7 {[%clk 00:09:14]}
{[%emt 00:02:15]} 22. Red2 {[%clk 00:36:58]} {[%emt 00:00:29]} a5 {[%clk
00:07:20]} {[%emt 00:02:24]} 23. Rd3 {[%clk 00:34:40]} {[%emt 00:02:49]} Rcd8
{[%clk 00:02:46]} {[%emt 00:05:04]} 24. b4 {[%clk 00:30:28]} {[%emt 00:04:42]}
Nxd5 {[%clk 00:02:39]} {[%emt 00:00:37]} 25. Rxd5 {[%clk 00:30:37]} {[%emt
00:00:20]} Rxd5 {[%clk 00:02:00]} {[%emt 00:01:09]} 26. Rxd5 {[%clk 00:30:57]}
{[%emt 00:00:10]} axb4 {[%clk 00:01:07]} {[%emt 00:01:24]} 27. cxb4 {[%clk
00:31:19]} {[%emt 00:00:08]} Ra8 {[%clk 00:00:43]} {[%emt 00:00:53]} 28. a5
{[%clk 00:30:35]} {[%emt 00:01:14]} bxa5 {[%clk 00:00:54]} {[%emt 00:00:19]} 29.
Rxc5 {[%clk 00:30:49]} {[%emt 00:00:16]} Qb6 {[%clk 00:00:40]} {[%emt
00:00:45]} 30. Rc7 {[%clk 00:21:22]} {[%emt 00:09:56]} Rf8 {[%clk 00:00:32]}
{[%emt 00:00:38]} 31. b5 {[%clk 00:20:55]} {[%emt 00:00:58]} Qd4 {[%clk
00:00:35]} {[%emt 00:00:27]} 32. Qxd4 {[%clk 00:19:53]} {[%emt 00:01:32]} exd4
{[%clk 00:01:03]} 33. Ra7 {[%clk 00:20:02]} {[%emt 00:00:21]} Rc8 {[%clk
00:00:47]} {[%emt 00:00:47]} 34. Kf1 {[%clk 00:19:09]} {[%emt 00:01:23]} d3
{[%clk 00:00:42]} {[%emt 00:00:35]} 35. Ke1 {[%clk 00:19:31]} {[%emt 00:00:08]}
Rc2 {[%clk 00:01:01]} {[%emt 00:00:11]} 36. Rxa5 {[%clk 00:17:31]} {[%emt
00:02:30]} Re2+ {[%clk 00:01:00]} {[%emt 00:00:31]} 37. Kd1 {[%clk 00:13:48]}
{[%emt 00:04:13]} Rxf2 {[%clk 00:01:15]} {[%emt 00:00:15]} 38. Ra3 {[%clk
00:12:22]} {[%emt 00:01:57]} Rb2 {[%clk 00:01:21]} {[%emt 00:00:24]} 39. Rxd3
{[%clk 00:12:27]} {[%emt 00:00:25]} Rxb5 {[%clk 00:01:43]} {[%emt 00:00:08]} 40.
Ke2 {[%clk 00:10:18]} {[%emt 00:02:39]} Kf6 {[%clk 00:01:21]} {[%emt 00:00:52]}
41. Rf3+ {[%clk 00:09:07]} {[%emt 00:01:40]} 1/2-1/2

[Event "Icelandic Team Championship 2021"]
[Site "Reykjavik"]
[Date "2021.10.03"]
[Round "5.24"]
[White "Arnason, Arni A."]
[Black "Thorsteinsson, Erlingur"]
[Result "0-1"]
[WhiteElo "2127"]
[BlackElo "2051"]

1. d4 {[%clk 01:30:55]} {[%emt 00:00:03]} d5 {[%clk 01:30:59]} {[%emt
00:00:03]} 2. Nf3 {[%clk 01:31:06]} {[%emt 00:00:19]} Nf6 {[%clk 01:31:09]}
{[%emt 00:00:21]} 3. c4 {[%clk 01:30:23]} {[%emt 00:01:12]} c6 {[%clk
01:31:35]} {[%emt 00:00:05]} 4. Nc3 {[%clk 01:29:09]} {[%emt 00:01:43]} e6
{[%clk 01:30:31]} {[%emt 00:01:35]} 5. cxd5 {[%clk 01:28:40]} {[%emt 00:00:58]}
cxd5 {[%clk 01:30:51]} {[%emt 00:00:12]} 6. Bg5 {[%clk 01:22:11]} {[%emt
00:06:57]} Be7 {[%clk 01:29:21]} {[%emt 00:02:00]} 7. e3 {[%clk 01:22:04]}
{[%emt 00:00:38]} Ne4 {[%clk 01:20:15]} {[%emt 00:09:35]} 8. Bxe7 {[%clk
01:20:52]} {[%emt 00:01:41]} Qxe7 {[%clk 01:20:42]} {[%emt 00:00:04]} 9. Bd3
{[%clk 01:14:09]} {[%emt 00:07:12]} Nd6 {[%clk 01:16:42]} {[%emt 00:04:30]} 10.
O-O {[%clk 01:06:20]} {[%emt 00:08:19]} O-O {[%clk 01:14:28]} {[%emt 00:02:44]}
11. Rc1 {[%clk 01:06:20]} {[%emt 00:00:29]} Nc6 {[%clk 01:08:06]} {[%emt
00:06:53]} 12. a3 {[%clk 00:56:06]} {[%emt 00:10:44]} Bd7 {[%clk 01:08:24]}
{[%emt 00:00:12]} 13. b4 {[%clk 00:48:45]} {[%emt 00:07:50]} a6 {[%clk
01:05:44]} {[%emt 00:03:10]} 14. Na4 {[%clk 00:35:05]} {[%emt 00:14:10]} Rad8
{[%clk 01:02:39]} {[%emt 00:03:34]} 15. Nc5 {[%clk 00:24:10]} {[%emt 00:11:26]}
f6 {[%clk 01:01:33]} {[%emt 00:01:36]} 16. Qb3 {[%clk 00:19:17]} {[%emt
00:05:22]} Kh8 {[%clk 00:56:29]} {[%emt 00:05:36]} 17. Rfe1 {[%clk 00:17:58]}
{[%emt 00:01:49]} Rfe8 {[%clk 00:44:08]} {[%emt 00:12:51]} 18. e4 {[%clk
00:16:10]} {[%emt 00:02:19]} dxe4 {[%clk 00:44:16]} {[%emt 00:00:20]} 19. Nxe4
{[%clk 00:15:53]} {[%emt 00:00:45]} Nf5 {[%clk 00:41:09]} {[%emt 00:03:40]} 20.
Qb2 {[%clk 00:13:28]} {[%emt 00:02:55]} Nfxd4 {[%clk 00:40:00]} {[%emt
00:01:39]} 21. Nxd4 {[%clk 00:13:35]} {[%emt 00:00:24]} Nxd4 {[%clk 00:40:27]}
{[%emt 00:00:02]} 22. Rc7 {[%clk 00:10:38]} {[%emt 00:03:26]} Qf8 {[%clk
00:24:26]} {[%emt 00:16:32]} 23. Bxa6 {[%clk 00:03:15]} {[%emt 00:07:54]} bxa6
{[%clk 00:23:39]} {[%emt 00:01:16]} 24. Qxd4 {[%clk 00:03:43]} {[%emt
00:00:02]} Bc6 {[%clk 00:20:39]} {[%emt 00:03:30]} 25. Qe3 {[%clk 00:03:56]}
{[%emt 00:00:15]} Bd5 {[%clk 00:19:37]} {[%emt 00:01:34]} 26. h3 {[%clk
00:03:02]} {[%emt 00:01:25]} Rc8 {[%clk 00:19:40]} {[%emt 00:00:26]} 27. Rec1
{[%clk 00:02:48]} {[%emt 00:00:44]} Rxc7 {[%clk 00:19:57]} {[%emt 00:00:13]} 28.
Rxc7 {[%clk 00:03:16]} {[%emt 00:00:02]} Rc8 {[%clk 00:20:12]} {[%emt
00:00:14]} 29. Rxc8 {[%clk 00:03:13]} {[%emt 00:00:34]} Qxc8 {[%clk 00:20:41]}
{[%emt 00:00:01]} 30. Qc5 {[%clk 00:02:52]} {[%emt 00:00:48]} Qa8 {[%clk
00:20:41]} {[%emt 00:00:32]} 31. f3 {[%clk 00:02:46]} {[%emt 00:00:36]} Bxe4
{[%clk 00:19:45]} {[%emt 00:01:26]} 32. fxe4 {[%clk 00:03:07]} {[%emt
00:00:08]} h6 {[%clk 00:20:00]} {[%emt 00:00:16]} 33. Qc4 {[%clk 00:02:36]}
{[%emt 00:01:00]} e5 {[%clk 00:19:50]} {[%emt 00:00:41]} 34. a4 {[%clk
00:02:36]} {[%emt 00:00:29]} Qb7 {[%clk 00:20:08]} {[%emt 00:00:11]} 35. b5
{[%clk 00:02:43]} {[%emt 00:00:25]} Qb6+ {[%clk 00:18:52]} {[%emt 00:01:45]} 36.
Kf1 {[%clk 00:02:29]} {[%emt 00:00:45]} axb5 {[%clk 00:19:17]} {[%emt
00:00:05]} 37. axb5 {[%clk 00:02:08]} {[%emt 00:00:52]} Qe3 {[%clk 00:18:52]}
{[%emt 00:00:55]} 38. Qe2 {[%clk 00:01:42]} {[%emt 00:00:53]} Qc1+ {[%clk
00:17:32]} {[%emt 00:01:53]} 39. Kf2 {[%clk 00:01:44]} {[%emt 00:00:28]} Qc5+
{[%clk 00:17:53]} {[%emt 00:00:09]} 40. Kf3 {[%clk 00:01:49]} {[%emt 00:00:25]}
Qc1 {[%clk 00:15:32]} {[%emt 00:02:51]} 41. Kf2 {[%clk 00:01:03]} {[%emt
00:01:13]} Qc5+ {[%clk 00:15:48]} {[%emt 00:00:17]} 42. Kg3 {[%clk 00:00:54]}
{[%emt 00:00:37]} Kh7 {[%clk 00:15:48]} {[%emt 00:00:33]} 43. Kh2 {[%clk
00:00:58]} {[%emt 00:00:24]} Qd4 {[%clk 00:14:51]} {[%emt 00:01:28]} 44. Kh1
{[%clk 00:00:55]} {[%emt 00:00:34]} Qa1+ {[%clk 00:15:08]} {[%emt 00:00:13]} 45.
Kh2 {[%clk 00:01:18]} {[%emt 00:00:07]} Qd4 {[%clk 00:15:33]} {[%emt 00:00:04]}
46. Qf3 {[%clk 00:00:57]} {[%emt 00:00:51]} Qb6 {[%clk 00:12:26]} {[%emt
00:03:37]} 47. Qb3 {[%clk 00:01:01]} {[%emt 00:00:26]} Kg6 {[%clk 00:12:01]}
{[%emt 00:00:56]} 48. Qc4 {[%clk 00:00:44]} {[%emt 00:00:41]} Qe3 {[%clk
00:12:14]} {[%emt 00:00:17]} 49. Qc6 {[%clk 00:00:44]} {[%emt 00:00:34]} Qf4+
{[%clk 00:12:29]} {[%emt 00:00:16]} 50. Kg1 {[%clk 00:01:01]} {[%emt 00:00:11]}
Qe3+ {[%clk 00:12:45]} {[%emt 00:00:16]} 51. Kf1 {[%clk 00:01:16]} {[%emt
00:00:14]} Qd3+ {[%clk 00:13:05]} {[%emt 00:00:11]} 52. Ke1 {[%clk 00:01:32]}
{[%emt 00:00:10]} Qe3+ {[%clk 00:13:19]} {[%emt 00:00:20]} 53. Kd1 {[%clk
00:00:46]} {[%emt 00:01:12]} Qg1+ {[%clk 00:13:41]} {[%emt 00:00:12]} 54. Kc2
{[%clk 00:01:02]} {[%emt 00:00:07]} Qxg2+ {[%clk 00:14:07]} {[%emt 00:00:10]}
55. Kb3 {[%clk 00:01:06]} {[%emt 00:00:27]} Qxh3+ {[%clk 00:14:35]} {[%emt
00:00:03]} 56. Kb4 {[%clk 00:01:04]} {[%emt 00:00:31]} Qd3 {[%clk 00:14:16]}
{[%emt 00:00:48]} 57. b6 {[%clk 00:01:21]} {[%emt 00:00:14]} Qd4+ {[%clk
00:14:29]} {[%emt 00:00:18]} 58. Kb5 {[%clk 00:01:39]} {[%emt 00:00:09]} Qb2+
{[%clk 00:14:53]} {[%emt 00:00:08]} 59. Ka6 {[%clk 00:01:23]} {[%emt 00:00:46]}
Qa3+ {[%clk 00:15:14]} {[%emt 00:00:09]} 60. Kb7 {[%clk 00:01:35]} {[%emt
00:00:18]} h5 {[%clk 00:15:40]} {[%emt 00:00:05]} 61. Kc7 {[%clk 00:00:47]}
{[%emt 00:01:14]} Qe7+ {[%clk 00:15:32]} {[%emt 00:00:41]} 62. Qd7 {[%clk
00:00:38]} {[%emt 00:00:38]} Qc5+ {[%clk 00:15:58]} {[%emt 00:00:03]} 63. Qc6
{[%clk 00:00:34]} {[%emt 00:00:35]} Qe7+ {[%clk 00:16:18]} {[%emt 00:00:11]} 64.
Qd7 {[%clk 00:00:34]} {[%emt 00:00:30]} Qc5+ {[%clk 00:16:45]} {[%emt
00:00:02]} 65. Kb7 {[%clk 00:00:00]} {[%emt 00:00:35]} 0-1